000 00507cam a2200205ua 4500
001 6479
008 131212n ii |||gr||||Z||||||eng
020 _a978-81-272-5287-8
040 _cMAIN
082 _a346.066
245 _aCompany law
_cBy K.C. Garg
260 _aLudhiana:
_bKalyani publishers,
_c2009.
300 _ax,16.15p.
653 _aCommerce
653 _aCompany law
700 _aGarg,K.C.,
_eAuthor.,
700 1 _aGupta,Vijay,
_eAuthor.
700 1 _aChawla,R.C.,
_eAuthor.
942 _cBK
999 _c5628
_d5628